Subnational electoral choice: economic and referendum voting in Argentina, 1983-1999 (Record no. 58198)

000 -LEADER
fixed length control field 00474pab a2200169 454500
008 - FIXED-LENGTH DATA ELEMENTS--GENERAL INFORMATION
fixed length control field 180718b2003 xxu||||| |||| 00| 0 eng d
100 ## - MAIN ENTRY--PERSONAL NAME
Personal name Remmer, KarenL.
245 ## - TITLE STATEMENT
Title Subnational electoral choice: economic and referendum voting in Argentina, 1983-1999
260 ## - PUBLICATION, DISTRIBUTION, ETC.
Date of publication, distribution, etc. 2003
300 ## - PHYSICAL DESCRIPTION
Extent p.801-21.
362 ## - DATES OF PUBLICATION AND/OR SEQUENTIAL DESIGNATION
Dates of publication and/or sequential designation Sep
650 ## - SUBJECT ADDED ENTRY--TOPICAL TERM
Topical term or geographic name entry element Elections - Argentina
650 ## - SUBJECT ADDED ENTRY--TOPICAL TERM
Topical term or geographic name entry element Elections
700 ## - ADDED ENTRY--PERSONAL NAME
Personal name Gelineau, Francois
773 ## - HOST ITEM ENTRY
Main entry heading Comparative Political Studies
909 ## -
-- 58198
Holdings
Withdrawn status Lost status Damaged status Not for loan Permanent Location Current Location Date acquired Serial Enumeration / chronology Barcode Date last seen Price effective from Koha item type
        Indian Institute of Public Administration Indian Institute of Public Administration 2018-07-19 Volume no: 36, Issue no: 7 AR58643 2018-07-19 2018-07-19 Articles

Powered by Koha